Wird geladen...

Current affairs Mains Q and A for IAS and PSC exams /

Bibliographische Detailangaben
Weitere Verfasser: Ojha , N. N. (HerausgeberIn)
Format: Printed Book
Sprache:Undetermined
Veröffentlicht: New Delhi : Chronicle Books , 2010.
Schlagworte:
LEADER 00556nam a2200157Ia 4500
001 162755
008 170722s9999 xx 000 0 und d
245 |a Current affairs  |b Mains Q and A for IAS and PSC exams / 
260 |a New Delhi :  |b Chronicle Books ,  |c 2010. 
300 |a 215 p. 
653 |a Ias And Psc Exam Guide 
700 |a Ojha , N. N.  |e editor. 
923 |d 20090922  |n V468 
942 |c REF 
999 |c 142015  |d 142015 
952 |0 0  |1 0  |4 0  |6 Z_0BT55_Q01R  |7 0  |8 R  |9 201159  |a LIB  |b LIB  |d 2013-03-25  |e Prabhus Books  |o z0bT:5,5 Q01(R)  |p 277417  |r 2017-08-12  |v 200.00  |w 2017-08-12  |y REF